Statistics for Every Canadian Metro Area

Click here to take the quiz!

General Stats

  • This quiz has been taken 7 times
  • The average score is 30 of 152

Answer Stats

PopulationAnswerProvince% Correct
1,665,000CalgaryAB
100%
1,544,000
Edmonton
AB
100%
465,000HalifaxNS
100%
4,308,000MontréalQC
100%
1,437,000Ottawa-
Gatineau
ON/QC
100%
844,000QuébecQC
100%
6,327,000TorontoON
100%
398,000VictoriaBC
100%
841,000WinnipegMB
100%
130,000
Saint John
NB
83%
523,000LondonON
83%
318,000SaskatoonSK
83%
213,000St. John'sNL
83%
2,657,000VancouverBC
83%
20,000YellowknifeNT
83%
79,000CharlottetownPEI
67%
781,000HamiltonON
67%
173,000KingstonON
67%
593,000Kitchener-
Cambridge-
Waterloo
ON
67%
280,000ReginaSK
67%
123,000Thunder BayON
67%
32,000White HorseYK
67%
422,000WindsorON
67%
109,000FrederictonNB
50%
76,000Medicine HatAB
50%
158,000MonctonNB
50%
77,000Sault Ste. MarieON
50%
228,000SherbrookeQC
50%
434,000St. Catharines-
Niagara
ON
50%
196,000Abbotsford-
Mission
BC
33%
166,000GuelphON
33%
114,000KamloopsBC
33%
35,000Moose JawSK
33%
89,000Prince GeorgeBC
33%
101,000Red DeerAB
33%
171,000SudburyON
33%
161,000Trois RivièresQC
33%
213,000BarrieON
17%
111,000Belleville-
Quinte West
ON
17%
54,000BrandonMB
17%
144,000BrantfordON
17%
98,000Cape BretonNS
17%
104,000Chatham-KentON
17%
113,000ChilliwackBC
17%
30,000CornerbrookNL
17%
102,000DrummondvilleQC
17%
22,000EdmundstonNB
17%
222,000KelownaBC
17%
15,000KenoraON
17%
124,000LethbridgeAB
17%
37,000LloydminsterAB/SK
17%
116,000NanaimoBC
17%
19,000NelsonBC
17%
72,000North BayON
17%
33,000OrilliaON
17%
415,000OshawaON
17%
128,000PeterboroughON
17%
13,000Portage la
Prairie
MB
17%
26,000Port AlberniBC
17%
43,000Prince AlbertSK
17%
13,000Prince RupertBC
17%
54,000RimouskiQC
17%
162,000SaguenayQC
17%
13,000Sainte-MarieQC
17%
97,000SarniaON
17%
41,000TimminsON
17%
46,000TruroNS
17%
34,000Val-d'OrQC
17%
73,000Wood BuffaloAB
17%
30,000AlmaQC
0%
19,000AmosQC
0%
27,000Baie-ComeauQC
0%
31,000BathurstNB
0%
32,000BrockvilleON
0%
15,000BrooksAB
0%
40,000Campbell RiverBC
0%
13,000CampbelltonNB
0%
19,000CamroseAB
0%
16,000CanmoreAB
0%
31,000Centre
Wellington
ON
0%
21,000CobourgON
0%
25,000CollingwoodON
0%
61,000CornwallON
0%
63,000CourtenayBC
0%
15,000CowansvilleQC
0%
27,000CranbrookBC
0%
18,000Dawson CreekBC
0%
15,000Dolbeau-
Mistassini
QC
0%
48,000DuncanBC
0%
11,000Elliot LakeON
0%
23,000EssaON
0%
13,000EstevanSK
0%
29,000Fort St. JohnBC
0%
13,000GanderNL
0%
91,000GranbyQC
0%
64,000Grande PrairieAB
0%
14,000Grand Falls-
Windsor
NL
0%
12,000HawkesburyON/QC
0%
14,000High RiverAB
0%
14,000IngersollON
0%
52,000JolietteQC
0%
80,000Kawartha LakesON
0%
27,000KentvilleON
0%
14,000LachuteQC
0%
13,000LacombeAB
0%
16,000LadysmithBC
0%
19,000MataneQC
0%
28,000MidlandON
0%
28,000MiramichiNB
0%
34,000New GlasgowNS
0%
67,000NorfolkON
0%
20,000North BattlefordSK
0%
30,000OkotoksAB
0%
33,000Owen SoundON
0%
31,000ParksvilleBC
0%
24,000PembrokeON
0%
47,000PentictonBC
0%
18,000PetawawaON
0%
17,000Port HopeON
0%
18,000Powell RiverBC
0%
23,000QuesnelBC
0%
30,000Rivière-du-LoupQC
0%
42,000Rouyn-NorandaQC
0%
20,000Sainte-Agathe-
des-Monts
QC
0%
35,000Saint-GeorgesQC
0%
60,000Saint-HyacintheQC
0%
43,000Salaberry-de-
Valleyfield
QC
0%
20,000Salmon ArmBC
0%
28,000Sept-ÎlesQC
0%
50,000ShawiniganQC
0%
42,000Sorel-TracyQC
0%
24,000SquamishBC
0%
18,000SteinbachMB
0%
33,000StratfordON
0%
14,000StrathmoreAB
0%
18,000SummersidePEI
0%
19,000Swift CurrentSK
0%
17,000Sylvan LakeAB
0%
20,000TerraceBC
0%
28,000Thetford MinesQC
0%
13,000ThomspsonMB
0%
19,000TilsonburgON
0%
14,000TrailBC
0%
67,000VernonBC
0%
53,000VictoriavilleQC
0%
25,000Wasaga BeachON
0%
13,000WetaskiwinAB
0%
12,000WeyburnSK
0%
24,000Williams LakeBC
0%
32,000WinklerMB
0%
47,000WoodstockON
0%
20,000YorktonSK
0%

Score Distribution

Percentile by Number Answered

Percent of People with Each Score

Your Score History

You have not taken this quiz